000 00941nam a2200253 a 4500
001 BRL_540
005 20190320210806.0
008 020913s1993----mx-a######---#000-0#spa-#
041 _aspa
044 _amx
050 4 _aF787
_b.I43 1993
245 1 0 _aImágenes de la frontera
_cedición César Meraz ; diseño Luis Rodríguez
260 _aMéxico
_bLa Raza
_c1993
300 _a[52 p.]
_bil.
_c21 cm.
500 _aAu564
500 _a..concurso ´Imágenes de las fronteras´, cuya premiación se hizo en el Museo Histórico de la Ciudad Juárez, Chihuahua, en el marco del Festival Internacional de la Raza 92.
651 4 _aFrontera mexicano-estadounidense
_xDescripciones y viajes
_924244
651 4 _aMéxico, Norte
_xCondiciones económicas
_924245
651 4 _aMéxico, Norte
_xCondiciones sociales
_924246
700 1 _aMeraz, César
_eed.
_924247
700 1 _aRodríguez, Luis
_eed.
_924248
902 _aGRL
942 _2lcc
_cB
999 _c9352
_d9352